Предпринимательство в сфере физической культуры и спорта: учебно-методическое пособие

Dettagli Bibliografici
Autore principale: Чеснова Е. Л. Елена Львовна
Ente Autore: Национальный исследовательский Томский политехнический университет (ТПУ)
Altri autori: Лебедев В. И. Владимир Иванович
Riassunto:В учебном пособии рассмотрены вопросы организации предпринимательской деятельности в сфере физической культуры и спорта, менеджмента малого бизнеса. В работе представлены: тематика и содержание лекционных и практических занятий; технологии педагогического взаимодействия: контрольные вопросы, методические рекомендации по проведению деловых игр, тесты, направленные на выявление у студентов способности к предпринимательской деятельности. Настоящее учебное пособие подготовлено для преподавателей и студентов вузов очной и заочной формы обучения.
Lingua:russo
Pubblicazione: Томск, Изд-во ТПУ, 2010
Soggetti:
Natura: MixedMaterials Libro
KOHA link:https://koha.lib.tpu.ru/cgi-bin/koha/opac-detail.pl?biblionumber=257214

MARC

LEADER 00000nam0a2200000 4500
001 257214
005 20231101233201.0
035 |a (RuTPU)RU\TPU\book\279989 
090 |a 257214 
100 |a 20140415d2010 m y0rusy50 ca 
101 0 |a rus 
102 |a RU 
105 |a y j 001zy 
200 1 |a Предпринимательство в сфере физической культуры и спорта  |e учебно-методическое пособие  |f Е. Л. Чеснова, В. И. Лебедев  |g Национальный исследовательский Томский политехнический университет (ТПУ)  
210 |a Томск  |c Изд-во ТПУ  |d 2010 
215 |a 112 с. 
320 |a Библиогр.: с. 108-109. 
330 |a В учебном пособии рассмотрены вопросы организации предпринимательской деятельности в сфере физической культуры и спорта, менеджмента малого бизнеса. В работе представлены: тематика и содержание лекционных и практических занятий; технологии педагогического взаимодействия: контрольные вопросы, методические рекомендации по проведению деловых игр, тесты, направленные на выявление у студентов способности к предпринимательской деятельности. Настоящее учебное пособие подготовлено для преподавателей и студентов вузов очной и заочной формы обучения. 
606 1 |a Спорт  |x Экономика  |2 stltpush  |3 (RuTPU)RU\TPU\subj\65855  |9 82206 
610 1 |a физическая культура 
610 1 |a предпринимательская деятельность 
610 1 |a предпринимательство 
610 1 |a малый бизнес 
610 1 |a бизнес-планы 
610 1 |a управление 
610 1 |a планирование 
610 1 |a спортивные организации 
610 1 |a учебные пособия 
686 |a У9(2)497.5я73  |2 rubbk 
700 1 |a Чеснова  |b Е. Л.  |c специалист в области физической культуры и спорта  |c доцент Новокузнецкого филиала Томского политехнического университета  |f 1967-  |g Елена Львовна  |2 stltpush  |3 (RuTPU)RU\TPU\pers\32253  |9 16242 
701 1 |a Лебедев  |b В. И.  |c директор Новокузнецкого филиала Томского политехнического университета, кандидат технических наук  |f 1955-  |g Владимир Иванович  |2 stltpush  |3 (RuTPU)RU\TPU\pers\30412  |9 14754 
712 0 2 |a Национальный исследовательский Томский политехнический университет (ТПУ)  |c (2009- )  |2 stltpush  |3 (RuTPU)RU\TPU\col\15902 
801 1 |a RU  |b 63413507  |c 20140415 
801 2 |a RU  |b 63413507  |c 20140424  |g RCR 
942 |c BK